Geotextiles and geomembranes in civil engineering / (Record no. 550478)
[ view plain ]
| 000 -LEADER | |
|---|---|
| fixed length control field | 00664cam a22001817a 4500 |
| 020 ## - INTERNATIONAL STANDARD BOOK NUMBER | |
| International Standard Book Number | 9054101725 |
| 082 00 - DEWEY DECIMAL CLASSIFICATION NUMBER | |
| Classification number | 624.11 |
| Author Mark | GEO |
| -- | L-37, P-129 |
| 245 00 - TITLE STATEMENT | |
| Title | Geotextiles and geomembranes in civil engineering / |
| Statement of responsibility, etc. | edited by Gerard P.T.M. Van Santvoort. |
| 250 ## - EDITION STATEMENT | |
| Edition statement | Rev. ed. |
| 260 ## - PUBLICATION, DISTRIBUTION, ETC. | |
| Place of publication, distribution, etc. | Rotterdam [Netherlands] ; |
| -- | Brookfield [VT] : |
| Name of publisher, distributor, etc. | A.A. Balkema, |
| Date of publication, distribution, etc. | 1994. |
| 300 ## - PHYSICAL DESCRIPTION | |
| Extent | xi, 595 p. : |
| Other physical details | ill. ; |
| Dimensions | 26 cm. |
| 526 ## - STUDY PROGRAM INFORMATION NOTE | |
| Program name | 0 |
| Interest level | 0 |
| Reading level | 0 |
| Title point value | 624_110000000000000_GEO |
| 650 #0 - SUBJECT ADDED ENTRY--TOPICAL TERM | |
| Topical term or geographic name entry element | Geomembranes. |
| 9 (RLIN) | 47184 |
| 650 #0 - SUBJECT ADDED ENTRY--TOPICAL TERM | |
| Topical term or geographic name entry element | Geotextiles. |
| 9 (RLIN) | 42723 |
| 700 1# - ADDED ENTRY--PERSONAL NAME | |
| Personal name | Van Santvoort, Gerard P. T. M. |
| 9 (RLIN) | 42499 |
| 856 42 - ELECTRONIC LOCATION AND ACCESS | |
| Uniform Resource Identifier | <a href="http://www.loc.gov/catdir/enhancements/fy0916/99226642-d.html">http://www.loc.gov/catdir/enhancements/fy0916/99226642-d.html</a> |
| 942 ## - ADDED ENTRY ELEMENTS (KOHA) | |
| Source of classification or shelving scheme | |
| Koha item type | Book |
| Withdrawn status | Lost status | Source of classification or shelving scheme | Damaged status | Not for loan | Permanent Location | Current Location | Date acquired | Total Checkouts | Full call number | Barcode | Date last seen | Price effective from | Koha item type |
|---|---|---|---|---|---|---|---|---|---|---|---|---|---|
| Military College of Engineering (MCE) | Military College of Engineering (MCE) | 11/10/2014 | 624.11 GEO | MCE-28845 | 11/10/2014 | 11/10/2014 | Book |
